000 00427nam a22001697a 4500
005 20180613172844.0
008 160526b xxu||||| |||| 00| 0 eng d
020 _a81-203-1973-0
041 _aeng
082 _b5311
_a657.42
100 _aWilliamsom, Duncan
_94363
245 _aCost and Management Accounting
260 _aNew Delhi
_bAcademic Faundation
_c1998
300 _a178
650 _aManagement
_9241
942 _cBK
999 _c1863
_d1862